000 00699cam a22002411 4500
001 21008
003 BD-RjUL
005 20211209000634.0
008 140303s1939 enk 001 0 eng
035 _a(BD-RjUL)21070
040 _aDLC
_cDLC
_dDLC
_dBD-RjUL
_beng
041 _aeng
082 0 0 _a822.33
_bALS 1939
100 1 _aAlexander, Peter,
_d1893-
_964924
245 1 0 _aShakespeare's life and art /
_cPeter Alexander.
260 _aLondon :
_bJ. Nisbet,
_c1939.
300 _avi, 247 p. ;
_c22 cm.
504 _aIncludes index.
600 1 0 _aShakespeare, William,
_d1564-1616.
_xCriticism and interpretation.
_964926
942 _2ddc
_cBK
999 _c21008
_d21008